00432 2200169 4500001002100000005001700021008004100038035002400079082000800103090001400111100001700125245003500142260002800177300002000205650002000225990001700245YOGYA-0612000000008320120603211205.0 ind  0010-061200000000083 a813 a813 Moh B aMOHTAR, Toha aBukan karena kaucToha Mohtar. aJakartabGrasindoc1993 a116 hlm.c21 cm aFiksi Indonesia a1061-PN/P.00